| 000 | 00760nac a22002291u 4500 | ||
|---|---|---|---|
| 008 | 090701t xxu||||| |||| 00| 0 eng d | ||
| 010 | _a97013594 | ||
| 020 | _a0201336243 | ||
| 020 | _a0201339013 (CD-ROM) | ||
| 020 | _a020133903x (CD-ROM) | ||
| 082 | 0 | 0 |
_a330 _bPAR _221 |
| 100 |
_aParkin, Michael, _97444 |
||
| 245 | 1 | 0 |
_aEconomics / _cMichael Parkin. |
| 250 | _a4th ed. | ||
| 260 |
_aReading, Mass. : _bAddison-Wesley, _cc1998. |
||
| 300 |
_a1 v. (various pagings) : _bill. (some col.), col. map ; _c26 cm. + _e2 CD-ROM (4 3/4 in.) |
||
| 440 | 4 |
_aThe Addison-Wesley series in economics _97445 |
|
| 504 | _aIncludes bibliographical references and index. | ||
| 650 | 0 |
_aEconomics. _97446 _2BUEsh |
|
| 651 | _2BUEsh | ||
| 942 |
_cBB _k330 PAR _2ddc |
||
| 999 |
_c5745 _d5745 |
||